<?xml version="1.0" encoding="UTF-8"?>
<record
    xmlns:xsi="http://www.w3.org/2001/XMLSchema-instance"
    xsi:schemaLocation="http://www.loc.gov/MARC21/slim http://www.loc.gov/standards/marcxml/schema/MARC21slim.xsd"
    xmlns="http://www.loc.gov/MARC21/slim">

  <leader>01037nam a2200253 a 4500</leader>
  <controlfield tag="001">BRCA_684</controlfield>
  <controlfield tag="005">20190320203115.0</controlfield>
  <controlfield tag="008">980211s1997    mx-a---##b---#000-0#spa-#</controlfield>
  <datafield tag="020" ind1=" " ind2=" ">
    <subfield code="a">9687009551</subfield>
  </datafield>
  <datafield tag="040" ind1=" " ind2=" ">
    <subfield code="a">DLC</subfield>
    <subfield code="c">DLC</subfield>
    <subfield code="d">DLC</subfield>
  </datafield>
  <datafield tag="050" ind1=" " ind2="4">
    <subfield code="a">ND259.V5</subfield>
    <subfield code="b">.C75 1997</subfield>
  </datafield>
  <datafield tag="245" ind1="1" ind2="0">
    <subfield code="a">Crist&#xF3;bal de Villalpando</subfield>
    <subfield code="b">ca. 1649-1714 : cat&#xE1;logo razonado</subfield>
    <subfield code="c">Juana Guti&#xE9;rrez Haces ... [et al.].</subfield>
  </datafield>
  <datafield tag="260" ind1=" " ind2=" ">
    <subfield code="a">M&#xE9;xico</subfield>
    <subfield code="b">UNAM, Instituto de Investigaciones Est&#xE9;ticas : Fomento Cultural BANAMEX : CONACULTA</subfield>
    <subfield code="c">1997</subfield>
  </datafield>
  <datafield tag="300" ind1=" " ind2=" ">
    <subfield code="a">444 p.</subfield>
    <subfield code="b">il. (algunas a color)</subfield>
    <subfield code="c">32 cm.</subfield>
  </datafield>
  <datafield tag="500" ind1=" " ind2=" ">
    <subfield code="a">Cat&#xE1;logo de la exposici&#xF3;n realizada en el Palacio de Iturbide (Ciudad de M&#xE9;xico), 1997</subfield>
  </datafield>
  <datafield tag="500" ind1=" " ind2=" ">
    <subfield code="a">Incluye cat&#xE1;logo razonado</subfield>
  </datafield>
  <datafield tag="504" ind1=" " ind2=" ">
    <subfield code="a">Bibliograf&#xED;a: p. 431-438</subfield>
  </datafield>
  <datafield tag="600" ind1="1" ind2="4">
    <subfield code="a">Villalpando, Crist&#xF3;bal de</subfield>
    <subfield code="d">ca. 1649-1714</subfield>
    <subfield code="v">Cat&#xE1;logos</subfield>
    <subfield code="9">2252</subfield>
  </datafield>
  <datafield tag="600" ind1="1" ind2="4">
    <subfield code="a">Jesucristo</subfield>
    <subfield code="x">Arte</subfield>
    <subfield code="9">2253</subfield>
  </datafield>
  <datafield tag="600" ind1="1" ind2="4">
    <subfield code="a">Virgen Mar&#xED;a en el arte</subfield>
    <subfield code="v">Cat&#xE1;logos</subfield>
    <subfield code="x">Arte</subfield>
    <subfield code="9">2254</subfield>
  </datafield>
  <datafield tag="700" ind1="1" ind2=" ">
    <subfield code="a">Villalpando, Crist&#xF3;bal de</subfield>
    <subfield code="d">ca. 1649-1714</subfield>
    <subfield code="9">2255</subfield>
  </datafield>
  <datafield tag="700" ind1="1" ind2=" ">
    <subfield code="a">Guti&#xE9;rrez Haces, Juana</subfield>
    <subfield code="9">2256</subfield>
  </datafield>
  <datafield tag="942" ind1=" " ind2=" ">
    <subfield code="2">lcc</subfield>
    <subfield code="c">B</subfield>
  </datafield>
  <datafield tag="999" ind1=" " ind2=" ">
    <subfield code="c">590</subfield>
    <subfield code="d">590</subfield>
  </datafield>
  <datafield tag="952" ind1=" " ind2=" ">
    <subfield code="0">0</subfield>
    <subfield code="1">0</subfield>
    <subfield code="4">0</subfield>
    <subfield code="7">0</subfield>
    <subfield code="a">BRCA</subfield>
    <subfield code="b">BRCA</subfield>
    <subfield code="d">2008-06-25</subfield>
    <subfield code="l">0</subfield>
    <subfield code="o">ND259.V5 .C75 1997</subfield>
    <subfield code="p">01074</subfield>
    <subfield code="r">2019-03-22 00:00:00</subfield>
    <subfield code="w">2019-03-22</subfield>
    <subfield code="y">B</subfield>
  </datafield>
</record>
